[Event "FIDE WGP Tashkent"]
[Site "Tashkent UZB"]
[Date "2013.09.23"]
[Round "5.1"]
[White "Khotenashvili, Bela"]
[Black "Nakhbayeva, Guliskhan"]
[Result "1-0"]
[WhiteTitle "IM"]
[BlackTitle "WGM"]
[WhiteElo "2514"]
[BlackElo "2307"]
[WhiteFideId "13602640"]
[BlackFideId "13704788"]
[EventDate "2013.09.18"]

1. d4 Nf6 2. c4 e6 3. g3 d5 4. Nf3 dxc4 5. Bg2 Bb4+ 6. Bd2 a5 7. O-O O-O 8. Bg5
b5 9. Ne5 Ra7 10. a4 Bb7 11. e4 c6 12. Nc3 Ba6 13. Rb1 h6 14. Be3 Rb7 15. Ng4
Nxg4 16. Qxg4 Kh8 17. e5 Bxc3 18. bxc3 b4 19. f4 f5 20. exf6 Qxf6 21. Be4 Nd7
22. Bxc6 Rc7 23. Qf3 Rfc8 24. Be4 Qe7 25. f5 exf5 26. Bxf5 Bb7 27. d5 Re8 28.
Bd4 Qd6 29. Rbe1 Ne5 30. Qf4 Rce7 31. Rxe5 Rxe5 32. Bxe5 Rxe5 33. Bg6 Qxd5 34.
Qf8+ Qg8 35. cxb4 Re2 36. Qxg8+ Kxg8 37. Rd1 Rg2+ 38. Kf1 Kf8 39. Rd7 Bc6 40.
Rf7+ Ke8 41. Rc7+ Kd8 42. Rxc6 Rxh2 43. bxa5 1-0

[Event "FIDE WGP Tashkent"]
[Site "Tashkent UZB"]
[Date "2013.09.23"]
[Round "5.2"]
[White "Stefanova, Antoaneta"]
[Black "Koneru, Humpy"]
[Result "1/2-1/2"]
[WhiteTitle "GM"]
[BlackTitle "GM"]
[WhiteElo "2496"]
[BlackElo "2607"]
[WhiteFideId "2902257"]
[BlackFideId "5008123"]
[EventDate "2013.09.18"]

1. d4 Nf6 2. c4 e6 3. Nf3 Bb4+ 4. Nbd2 b6 5. a3 Bxd2+ 6. Qxd2 O-O 7. e3 Ba6 8.
Be2 d5 9. b3 c5 10. Ne5 Qc7 11. Bb2 Rd8 12. cxd5 cxd4 13. Bxd4 Bxe2 14. Qxe2
Rxd5 15. Qb2 Nbd7 16. Nxd7 Qxd7 17. O-O Ne8 18. Rac1 Rd8 19. a4 Qe7 20. Qc2 h5
21. Qe2 Nd6 22. Rc2 Nf5 23. Bc3 Qg5 24. f4 Qg6 25. e4 Nd4 26. Bxd4 Rxd4 27. f5
Qg4 28. fxe6 fxe6 29. Qf2 Rd1 30. Qf7+ Kh7 31. Rf2 Rxf1+ 32. Rxf1 Rd2 33. Qf3
Qxf3 34. Rxf3 Kg6 35. Rg3+ Kf6 36. e5+ Kf7 37. Rf3+ Kg6 38. Rg3+ Kf7 39. Rf3+
Kg8 40. Rc3 Rb2 41. Rc8+ Kf7 42. Rc7+ Kg6 43. Rxa7 Rxb3 44. Re7 Kf5 45. Rxg7 Rb4
46. Ra7 h4 47. a5 bxa5 48. Rxa5 Kf4 49. Kf2 Rb2+ 50. Kf1 Rb1+ 51. Kf2 Rb2+ 52.
Kf1 Rb1+ 1/2-1/2

[Event "FIDE WGP Tashkent"]
[Site "Tashkent UZB"]
[Date "2013.09.23"]
[Round "5.3"]
[White "Muminova, Nafisa"]
[Black "Ju, Wenjun"]
[Result "1-0"]
[WhiteTitle "WGM"]
[BlackTitle "WGM"]
[WhiteElo "2293"]
[BlackElo "2535"]
[WhiteFideId "14201526"]
[BlackFideId "8603006"]
[EventDate "2013.09.18"]

1. e4 c5 2. Nf3 Nc6 3. d4 cxd4 4. Nxd4 Nf6 5. Nc3 d6 6. Bg5 e6 7. Qd2 a6 8.
O-O-O Bd7 9. f4 b5 10. Bxf6 gxf6 11. Nxc6 Bxc6 12. Qe1 Ra7 13. f5 Qb6 14. Kb1
Qc5 15. Bd3 b4 16. Ne2 Bh6 17. Rf1 e5 18. Ng3 a5 19. Qe2 a4 20. Bc4 Bg5 21. Nh5
Ke7 22. Rfe1 Rc8 23. Qd3 Bd7 24. b3 Bc6 25. g3 Rd7 26. h4 Bh6 27. g4 Bf4 28. Qf3
axb3 29. cxb3 Ra8 30. Re2 Bh6 31. Nxf6 Kxf6 32. g5+ Ke7 33. f6+ Kd8 34. gxh6 Bb7
35. Qg4 Kc7 36. Rc2 Qe3 37. Bd5+ 1-0

[Event "FIDE WGP Tashkent"]
[Site "Tashkent UZB"]
[Date "2013.09.23"]
[Round "5.4"]
[White "Harika, Dronavalli"]
[Black "Danielian, Elina"]
[Result "1-0"]
[WhiteTitle "GM"]
[BlackTitle "GM"]
[WhiteElo "2475"]
[BlackElo "2470"]
[WhiteFideId "5015197"]
[BlackFideId "13300210"]
[EventDate "2013.09.18"]

1. c4 Nf6 2. Nf3 e6 3. g3 c5 4. Bg2 Nc6 5. Nc3 d5 6. cxd5 Nxd5 7. O-O Nc7 8. d3
Be7 9. Be3 O-O 10. Rc1 Rb8 11. d4 c4 12. Nd2 Nd5 13. Nxc4 Nxe3 14. fxe3 Bg5 15.
Ne4 Bh6 16. Qb3 Bd7 17. Rfd1 Qe7 18. Nf2 b5 19. Ne5 Nxe5 20. dxe5 Rfc8 21. Ng4
b4 22. Nxh6+ gxh6 23. Qd3 Ba4 24. b3 Rxc1 25. Rxc1 Rd8 26. Qc4 Be8 27. Qf4 Kg7
28. h4 Bb5 29. Bf3 a5 30. Qg4+ Kh8 31. Qf4 Kg7 32. Bh5 Be8 33. Kf2 Rb8 34. Rc4
Rd8 35. Qg4+ Kh8 36. Qf4 Kg7 37. Qf3 Kh8 38. Rf4 Rd7 39. Rf6 Rc7 40. Qf4 Ra7 41.
Qxh6 Kg8 42. Rf4 1-0

[Event "FIDE WGP Tashkent"]
[Site "Tashkent UZB"]
[Date "2013.09.23"]
[Round "5.5"]
[White "Lagno, Kateryna"]
[Black "Kosteniuk, Alexandra"]
[Result "1-0"]
[WhiteTitle "GM"]
[BlackTitle "GM"]
[WhiteElo "2532"]
[BlackElo "2495"]
[WhiteFideId "14109336"]
[BlackFideId "4128125"]
[EventDate "2013.09.18"]

1. c4 Nf6 2. Nc3 e5 3. Nf3 Nc6 4. g3 d5 5. cxd5 Nxd5 6. Bg2 Nb6 7. O-O Be7 8. d3
O-O 9. Be3 Re8 10. Rc1 Bf8 11. a4 h6 12. d4 Nc4 13. dxe5 Qxd1 14. Rfxd1 Nxb2 15.
Rf1 Nc4 16. Bf4 Be6 17. Nb5 Rac8 18. Nfd4 Nxd4 19. Nxd4 Na5 20. Bd2 Nb3 21. Nxb3
Bxb3 22. Bxb7 Rcd8 23. Ba5 Bxa4 24. Bxc7 Rd4 25. Ba6 Ba3 26. Ra1 Bf8 27. e3 Re4
28. Bd3 Rb4 29. Ba5 Bb5 30. Bxb4 Bxd3 31. Rfd1 Be2 32. Rd4 Bxb4 33. Rxb4 Rxe5
34. Rxa7 g5 35. g4 Rc5 36. Ra1 h5 37. gxh5 Bxh5 38. Rba4 f6 39. Ra7 Bf3 40. h3
Rc8 41. Kh2 Bd5 42. Rd1 Be6 43. Rd6 Re8 44. Kg3 f5 45. h4 f4+ 46. exf4 gxh4+ 47.
Kxh4 Bf7 48. Kg5 Rc8 49. f5 Rb8 50. Rg6+ Bxg6 51. fxg6 1-0

[Event "FIDE WGP Tashkent"]
[Site "Tashkent UZB"]
[Date "2013.09.23"]
[Round "5.6"]
[White "Zhao, Xue"]
[Black "Girya, Olga"]
[Result "1-0"]
[WhiteTitle "GM"]
[BlackTitle "WGM"]
[WhiteElo "2579"]
[BlackElo "2439"]
[WhiteFideId "8601283"]
[BlackFideId "4195752"]
[EventDate "2013.09.18"]

1. d4 d5 2. c4 c6 3. e3 Nf6 4. Bd3 g6 5. Nf3 Bg7 6. O-O O-O 7. Nc3 Bg4 8. h3
Bxf3 9. Qxf3 e6 10. Rd1 Nbd7 11. b3 Re8 12. Bb2 Qe7 13. Bf1 a6 14. a4 e5 15.
dxe5 Nxe5 16. Qe2 Qb4 17. Rab1 Qxb3 18. cxd5 cxd5 19. Ba1 Qa3 20. Rxb7 Re6 21.
Qa2 Qxa2 22. Nxa2 Ned7 23. Bd4 Rc8 24. Nb4 a5 25. Nd3 Rec6 26. Ra7 Rc2 27. Rxa5
Bf8 28. Ra7 Bd6 29. Rb1 Ra2 30. g4 Rd8 31. Nb4 Ra3 32. Nc6 Rc8 33. Rc1 Kf8 34.
g5 Nb8 35. Bxf6 Rxc6 36. Rxc6 Nxc6 37. Ra6 1-0

[Event "FIDE WGP Tashkent"]
[Site "Tashkent UZB"]
[Date "2013.09.24"]
[Round "6.1"]
[White "Ju, Wenjun"]
[Black "Zhao, Xue"]
[Result "1-0"]
[WhiteTitle "WGM"]
[BlackTitle "GM"]
[WhiteElo "2535"]
[BlackElo "2579"]
[WhiteFideId "8603006"]
[BlackFideId "8601283"]
[EventDate "2013.09.18"]

1. d4 Nf6 2. c4 e6 3. g3 Bb4+ 4. Bd2 a5 5. Bg2 O-O 6. Nf3 d5 7. O-O Be7 8. Qc2
c6 9. Bf4 Nbd7 10. Rd1 Nh5 11. Bc1 b5 12. cxb5 cxb5 13. e4 dxe4 14. Qxe4 Rb8 15.
Ne5 Nhf6 16. Qc2 Nxe5 17. dxe5 Nd7 18. Be3 Bb7 19. f4 Bxg2 20. Qxg2 Qc7 21. Nc3
Rfc8 22. Rac1 Bc5 23. Bxc5 Qxc5+ 24. Qf2 Qxf2+ 25. Kxf2 Nc5 26. Ke3 h5 27. b3
Kf8 28. Ne2 Na6 29. Nd4 Nc7 30. Kd3 Rb7 31. f5 Re8 32. Ke4 exf5+ 33. Nxf5 Reb8
34. Rd7 Ne8 35. Rxb7 Rxb7 36. Rc8 Rc7 37. Rb8 f6 38. Nd6 Re7 39. Rxe8+ 1-0

[Event "FIDE WGP Tashkent"]
[Site "Tashkent UZB"]
[Date "2013.09.24"]
[Round "6.2"]
[White "Girya, Olga"]
[Black "Khotenashvili, Bela"]
[Result "0-1"]
[WhiteTitle "WGM"]
[BlackTitle "IM"]
[WhiteElo "2439"]
[BlackElo "2514"]
[WhiteFideId "4195752"]
[BlackFideId "13602640"]
[EventDate "2013.09.18"]

1. d4 g6 2. e4 Bg7 3. Nf3 c5 4. dxc5 Qa5+ 5. Nc3 Bxc3+ 6. bxc3 Qxc3+ 7. Bd2 Qxc5
8. Bd3 Nc6 9. Rb1 a6 10. O-O d6 11. Be3 Qa5 12. Nd2 Nf6 13. Nc4 Qc7 14. Nb6 Rb8
15. Nd5 Nxd5 16. exd5 Ne5 17. Bb6 Qd7 18. Bd4 Qa4 19. Qd2 O-O 20. Rb4 Qa5 21.
Bc3 Qc5 22. Rh4 f5 23. Re1 Qc7 24. Qh6 Rf7 25. Bc4 f4 26. Re4 b5 27. Bxe5 dxe5
28. Bb3 Qd6 29. g3 Bf5 30. Re2 a5 31. gxf4 exf4 32. a4 bxa4 33. Ba2 Rb2 0-1

[Event "FIDE WGP Tashkent"]
[Site "Tashkent UZB"]
[Date "2013.09.24"]
[Round "6.3"]
[White "Kosteniuk, Alexandra"]
[Black "Nakhbayeva, Guliskhan"]
[Result "1-0"]
[WhiteTitle "GM"]
[BlackTitle "WGM"]
[WhiteElo "2495"]
[BlackElo "2307"]
[WhiteFideId "4128125"]
[BlackFideId "13704788"]
[EventDate "2013.09.18"]

1. e4 c5 2. Nf3 Nc6 3. Bb5 Nf6 4. Nc3 g6 5. e5 Ng4 6. Bxc6 dxc6 7. d3 Bg7 8. Bf4
Nh6 9. Ne4 Nf5 10. c3 Qd5 11. Qe2 Be6 12. g4 Nh6 13. Nd6+ exd6 14. c4 Qxf3 15.
Qxf3 dxe5 16. Be3 Nxg4 17. Bxc5 O-O-O 18. O-O Bf5 19. Rfd1 Kb8 20. h3 Nf6 21.
Qe3 b6 22. Bxb6 axb6 23. Qxb6+ Kc8 24. Qxc6+ Kb8 25. Rac1 Bc8 26. Qb5+ Bb7 27.
c5 Rd5 28. Qb3 Kc8 29. c6 Ba8 30. Qa4 Kc7 31. Qa7+ Kd6 32. Qxf7 Rg8 33. c7 Bb7
34. c8=Q Bxc8 35. Rc7 1-0

[Event "FIDE WGP Tashkent"]
[Site "Tashkent UZB"]
[Date "2013.09.24"]
[Round "6.5"]
[White "Koneru, Humpy"]
[Black "Harika, Dronavalli"]
[Result "1/2-1/2"]
[WhiteTitle "GM"]
[BlackTitle "GM"]
[WhiteElo "2607"]
[BlackElo "2475"]
[WhiteFideId "5008123"]
[BlackFideId "5015197"]
[EventDate "2013.09.18"]

1. d4 e6 2. c4 Nf6 3. Nf3 d5 4. Nc3 Nbd7 5. cxd5 exd5 6. Bf4 c6 7. Qc2 Nh5 8.
Bg5 Be7 9. Bxe7 Qxe7 10. e3 Nb6 11. h3 g6 12. g4 Ng7 13. O-O-O Be6 14. Kb1 O-O-O
15. Be2 Kb8 16. Na4 f6 17. Nc5 Bc8 18. Nd2 Ne6 19. Ndb3 Nd7 20. h4 Ndxc5 21.
dxc5 f5 22. gxf5 gxf5 23. f4 d4 24. Nxd4 Qxc5 25. Nxe6 Qxc2+ 26. Kxc2 Bxe6 27.
Rxd8+ Rxd8 28. Rg1 Kc7 29. Bd3 Rd7 30. Rg5 Rf7 31. Kc3 c5 32. Rh5 b6 33. a3 Bd7
34. Bc4 Rg7 35. Rg5 Re7 36. Kd2 Kd6 37. Bd3 Rf7 38. Bc4 Be6 39. Kc3 Bxc4 40.
Kxc4 Kc6 41. Kd3 Rd7+ 42. Ke2 Rf7 43. Kf3 Kd6 44. Rh5 b5 45. e4 fxe4+ 46. Kxe4
Re7+ 47. Kd3 Rf7 48. Ke4 Re7+ 49. Kf3 a5 50. f5 Ke5 51. f6+ Kxf6 52. Rxc5 Re5
53. Rc6+ Kg7 54. Ra6 a4 55. Rb6 Rh5 56. Kg4 Rc5 57. Kf3 Rh5 58. Kg4 Rc5 59. Kf3 1/2-1/2

[Event "FIDE WGP Tashkent"]
[Site "Tashkent UZB"]
[Date "2013.09.24"]
[Round "6.6"]
[White "Danielian, Elina"]
[Black "Muminova, Nafisa"]
[Result "1/2-1/2"]
[WhiteTitle "GM"]
[BlackTitle "WGM"]
[WhiteElo "2470"]
[BlackElo "2293"]
[WhiteFideId "13300210"]
[BlackFideId "14201526"]
[EventDate "2013.09.18"]

1. d4 Nf6 2. Nf3 d5 3. e3 c5 4. c4 e6 5. a3 a6 6. cxd5 exd5 7. dxc5 Bxc5 8. b4
Ba7 9. Bb2 Nc6 10. Be2 O-O 11. O-O Qd6 12. Nbd2 Bg4 13. Nc4 Qe6 14. Na5 Nxa5 15.
bxa5 Ne4 16. Bd4 Rfc8 17. Rb1 Bxf3 18. Bxf3 Bxd4 19. Qxd4 Rc4 20. Qb2 Rc7 21. h3
Rac8 22. Rbd1 h6 23. Qb6 Rc5 24. Qxb7 Rb5 25. Qa7 Rxa5 26. Bg4 f5 27. Bh5 Nf6
28. Bf3 Rxa3 29. Rb1 Rac3 30. Rb7 Ne8 31. Re7 R3c7 32. Qxc7 Nxc7 33. Rxe6 Nxe6
34. Bxd5 Kf7 35. Ra1 Rc5 36. Bxe6+ Kxe6 37. Rxa6+ Kf7 38. Kh2 h5 39. Kg3 Rc2 40.
Kf3 Rb2 41. Ra4 Kf6 42. g4 hxg4+ 43. hxg4 g6 44. Ra6+ Kg5 45. Kg3 fxg4 46. Ra4
Kh5 47. Ra5+ Kh6 48. Ra1 Kg5 49. Rh1 Rb4 50. Rd1 Rb2 51. Rd5+ Kh6 52. Rd4 Kh5
53. Re4 Rc2 54. Re5+ Kh6 55. Re7 Kg5 56. Re8 Ra2 57. Rh8 Ra4 58. Rh4 Re4 59. Rh1
Rb4 60. Re1 Rb2 61. Rd1 Rc2 62. Ra1 Rb2 63. Ra5+ Kh6 64. e4 Re2 65. e5 Kg5 66.
Ra4 Rxe5 67. Rxg4+ Kf6 68. Rf4+ Rf5 69. Rxf5+ Kxf5 70. Kf3 Kg5 71. Kg3 Kf5 72.
Kf3 Kg5 73. Kg3 Kf5 1/2-1/2

[Event "FIDE WGP Tashkent"]
[Site "Tashkent UZB"]
[Date "2013.09.25"]
[Round "7.1"]
[White "Muminova, Nafisa"]
[Black "Koneru, Humpy"]
[Result "0-1"]
[WhiteTitle "WGM"]
[BlackTitle "GM"]
[WhiteElo "2293"]
[BlackElo "2607"]
[WhiteFideId "14201526"]
[BlackFideId "5008123"]
[EventDate "2013.09.18"]

1. e4 c5 2. Nf3 b6 3. d4 cxd4 4. Nxd4 Bb7 5. Nc3 a6 6. Be3 e6 7. Qd2 Qc7 8. a3
Nf6 9. f3 Nc6 10. Nb3 d6 11. Qf2 Nd7 12. Be2 Be7 13. O-O O-O 14. f4 Bf6 15. Rae1
Bxc3 16. bxc3 Na7 17. Bd3 Nb5 18. e5 Rfc8 19. Bd4 Nxd4 20. cxd4 g6 21. Re3 Bd5
22. Nd2 b5 23. Be4 Bxe4 24. Nxe4 Qxc2 25. Qh4 Qb2 26. f5 Rc1 27. Rxc1 Qxc1+ 28.
Re1 Qb2 29. Nxd6 Nf8 30. fxg6 Nxg6 31. Qe4 Rf8 32. Rf1 Qxa3 33. h4 f5 34. Qe1
Qb2 35. Qe3 Nxh4 36. Rf2 Qb1+ 37. Kh2 Ng6 38. d5 f4 39. Qh3 Qe1 40. Qxe6+ Kh8
41. Nf7+ Rxf7 42. Qxf7 Qxf2 43. e6 Qh4+ 44. Kg1 Qe1+ 45. Kh2 Qe5 46. Kg1 f3 47.
d6 Qd4+ 48. Kh1 Qd1+ 49. Kh2 Qxd6+ 50. Kh3 0-1

[Event "FIDE WGP Tashkent"]
[Site "Tashkent UZB"]
[Date "2013.09.25"]
[Round "7.2"]
[White "Harika, Dronavalli"]
[Black "Lagno, Kateryna"]
[Result "1/2-1/2"]
[WhiteTitle "GM"]
[BlackTitle "GM"]
[WhiteElo "2475"]
[BlackElo "2532"]
[WhiteFideId "5015197"]
[BlackFideId "14109336"]
[EventDate "2013.09.18"]

1. c4 g6 2. Nc3 c5 3. g3 Bg7 4. Bg2 Nc6 5. Nf3 e6 6. d4 Nxd4 7. Nxd4 cxd4 8. Ne4
d5 9. cxd5 exd5 10. Qa4+ Kf8 11. Nc5 Bf6 12. Qb3 Ne7 13. Bh6+ Bg7 14. Bxg7+ Kxg7
15. O-O Qb6 16. Rac1 Rd8 17. Rfd1 Qf6 18. Qf3 Nc6 19. Qxf6+ Kxf6 20. Nb3 Be6 21.
Nxd4 Nxd4 22. Rxd4 Rdc8 23. Rdd1 Ke7 24. Kf1 Rc6 25. Ke1 Rac8 26. Kd2 a5 27. a3
Kd6 28. Rxc6+ bxc6 29. Kc3 f5 30. b4 Ra8 31. Kb2 Rb8 32. Kc3 Ra8 33. Kb2 Rb8 34.
Kc3 1/2-1/2

[Event "FIDE WGP Tashkent"]
[Site "Tashkent UZB"]
[Date "2013.09.25"]
[Round "7.4"]
[White "Nakhbayeva, Guliskhan"]
[Black "Girya, Olga"]
[Result "0-1"]
[WhiteTitle "WGM"]
[BlackTitle "WGM"]
[WhiteElo "2307"]
[BlackElo "2439"]
[WhiteFideId "13704788"]
[BlackFideId "4195752"]
[EventDate "2013.09.18"]

1. d4 d5 2. c4 c6 3. cxd5 cxd5 4. Bf4 Nc6 5. e3 Nf6 6. Nc3 Bf5 7. Qb3 Na5 8.
Qa4+ Bd7 9. Qc2 Rc8 10. Bd3 e6 11. Nf3 Be7 12. O-O a6 13. Ne5 Bc6 14. Rac1 O-O
15. Qe2 Nd7 16. Rfd1 f5 17. Rc2 Nxe5 18. Bxe5 b5 19. h3 Qd7 20. Rdc1 Nc4 21. Bf4
Bf6 22. Nb1 e5 23. dxe5 Nxe5 24. Bxe5 Bxe5 25. Nd2 d4 26. Nf3 Bxf3 27. Qxf3 Rxc2
28. Rxc2 dxe3 29. Qxe3 Re8 30. Qf3 g6 31. g3 Bg7 32. h4 h5 33. Kh2 Kh7 34. b3
Rd8 35. Rd2 Qd5 36. Qe2 Qe5 37. Qf3 Rd4 38. Re2 Qd6 39. Bc2 Rxh4+ 40. Kg1 Rg4
41. Kf1 h4 42. gxh4 Rxh4 43. a4 Qh2 44. Bxf5 Rf4 45. Qh3+ Qxh3+ 46. Bxh3 bxa4
47. bxa4 Rxa4 48. Be6 Ra1+ 49. Re1 Ra5 50. Re2 Rc5 51. Ra2 a5 52. Kg2 Bc3 53.
Bd7 Rd5 54. Bc6 Rd6 55. Ba4 Rd4 56. Kf3 Kg7 57. Ke3 Rh4 58. f3 Kf6 59. Kd3 Bb4
60. Bc6 Rh1 61. Ba4 Rf1 62. Bc6 Rd1+ 63. Kc2 Rd6 64. Be4 Ke5 65. Kb3 g5 66. Rh2
Rd4 67. Bc6 Rd3+ 68. Kb2 Kf4 69. Rg2 Rc3 70. Rg4+ Ke3 71. Bd5 Rc5 72. Ba8 Re5
73. Kb3 Bd2 74. Ka4 Rc5 75. Bb7 Kf2 76. Rd4 Bc3 77. Rg4 Bd2 78. Rd4 Bc3 79. Rg4
Rc7 80. Bd5 Bd2 81. Rd4 Ke3 82. Rg4 Kd3 83. Bb3 Rc1 84. Bd5 Rc5 85. Be4+ Ke3 86.
Bb7 Rf5 87. Bc6 Kf2 88. Bb7 Rf7 89. Bd5 Rc7 90. Ba8 Rc1 91. Bd5 Ra1+ 92. Kb3 Bf4
93. Bc6 Rc1 94. Bd5 Rd1 95. Bc6 Rc1 96. Bd5 Rb1+ 97. Ka4 Ra1+ 98. Kb3 a4+ 99.
Kb2 Be5+ 100. Kc2 Bf4 101. Kb2 Rd1 102. Bc6 Rd4 103. Ka3 Bd6+ 104. Kb2 a3+ 105.
Kb3 Rd3+ 106. Kc2 a2 107. Ra4 Ra3 0-1

[Event "FIDE WGP Tashkent"]
[Site "Tashkent UZB"]
[Date "2013.09.25"]
[Round "7.5"]
[White "Khotenashvili, Bela"]
[Black "Ju, Wenjun"]
[Result "0-1"]
[WhiteTitle "IM"]
[BlackTitle "WGM"]
[WhiteElo "2514"]
[BlackElo "2535"]
[WhiteFideId "13602640"]
[BlackFideId "8603006"]
[EventDate "2013.09.18"]

1. d4 f5 2. Nc3 Nf6 3. Bg5 d5 4. Bxf6 exf6 5. e3 Be6 6. Qf3 Nc6 7. Bb5 Qd6 8.
Nge2 O-O-O 9. Nf4 Bf7 10. Nd3 g6 11. Bxc6 Qxc6 12. a4 h5 13. a5 h4 14. h3 Kb8
15. Kd2 Qe6 16. Na4 b6 17. Qe2 Be8 18. Nc3 g5 19. f4 Rh7 20. Rhf1 Re7 21. Qf2
Bh6 22. Rae1 Qd6 23. axb6 axb6 24. fxg5 Bxg5 25. b4 Re4 26. Nxe4 dxe4 27. c3
exd3 28. Qxf5 Bc6 29. Rf2 Qg3 30. Kxd3 Re8 31. Kc4 Rxe3 32. Rxe3 Qxe3 33. b5 Be4
34. Qd7 Bd3+ 35. Kb4 Qxf2 36. Qd8+ Kb7 37. Qd5+ Ka7 38. Qb3 Bc1 0-1

[Event "FIDE WGP Tashkent"]
[Site "Tashkent UZB"]
[Date "2013.09.25"]
[Round "7.6"]
[White "Zhao, Xue"]
[Black "Danielian, Elina"]
[Result "0-1"]
[WhiteTitle "GM"]
[BlackTitle "GM"]
[WhiteElo "2579"]
[BlackElo "2470"]
[WhiteFideId "8601283"]
[BlackFideId "13300210"]
[EventDate "2013.09.18"]

1. d4 Nf6 2. c4 e6 3. Nf3 Bb4+ 4. Nbd2 O-O 5. a3 Bxd2+ 6. Qxd2 b6 7. e3 Bb7 8.
Be2 d6 9. O-O Nbd7 10. b4 a5 11. Bb2 Ne4 12. Qc2 f5 13. Rad1 axb4 14. axb4 Ng5
15. Ne1 f4 16. f3 fxe3 17. Qb3 Qf6 18. Qxe3 Ra2 19. Qb3 Rfa8 20. Bd3 b5 21. Bb1
bxc4 22. Qc2 Rxb2 23. Qxb2 Nb6 24. Qf2 Ra3 25. Rd2 Ba6 26. Nc2 Rxf3 27. Qxf3
Nxf3+ 28. Rxf3 Qe7 29. Na3 Bb7 30. Rf1 g6 31. Rdf2 c3 32. Re1 Kg7 33. Nb5 Nd5
34. Be4 Nxb4 35. Nxc3 Bxe4 36. Rxe4 Qg5 37. Rf1 Nd3 38. h4 Qd2 39. Nb5 d5 40.
Rxe6 Nf4 41. Rf2 Qd1+ 42. Rf1 Qg4 43. Re7+ Kh6 44. Rxf4 Qxf4 45. Rxc7 Qxh4 46.
Rc1 Qe4 47. Rc5 Kh5 0-1

[Event "FIDE WGP Tashkent"]
[Site "Tashkent UZB"]
[Date "2013.09.26"]
[Round "8.1"]
[White "Kosteniuk, Alexandra"]
[Black "Girya, Olga"]
[Result "0-1"]
[WhiteTitle "GM"]
[BlackTitle "WGM"]
[WhiteElo "2495"]
[BlackElo "2439"]
[WhiteFideId "4128125"]
[BlackFideId "4195752"]
[EventDate "2013.09.18"]

1. e4 c5 2. Nf3 e6 3. d4 cxd4 4. Nxd4 Nc6 5. Nc3 Qc7 6. Be2 Nf6 7. O-O Be7 8.
Kh1 O-O 9. f4 d6 10. Ndb5 Qb8 11. a4 Rd8 12. Qe1 a6 13. Na3 d5 14. exd5 exd5 15.
f5 h6 16. Bf4 Bd6 17. Qh4 Bxf4 18. Rxf4 d4 19. Na2 Qe5 20. Bd3 b5 21. Re1 Qd5
22. axb5 axb5 23. Bxb5 Bb7 24. Bc4 Qc5 25. Bf1 Ne7 26. Qf2 Ned5 27. Rxd4 Re8 28.
Re2 Rxe2 29. Bxe2 Re8 30. Bf3 Ne3 31. c3 Nxf5 32. Bxb7 Nxd4 33. cxd4 Qb6 34. h3
Qxb7 35. Nc3 Qb3 36. Nab5 Ne4 37. Nxe4 Rxe4 38. Nc3 Re8 39. d5 Rb8 40. Ne4 Qxb2
41. Qf5 Re8 42. Ng3 Qa1+ 43. Kh2 Qe5 44. Qd7 Qe7 45. Qg4 Qd6 46. Kg1 Qc5+ 47.
Kf1 Qc1+ 0-1

[Event "FIDE WGP Tashkent"]
[Site "Tashkent UZB"]
[Date "2013.09.26"]
[Round "8.2"]
[White "Ju, Wenjun"]
[Black "Nakhbayeva, Guliskhan"]
[Result "1/2-1/2"]
[WhiteTitle "WGM"]
[BlackTitle "WGM"]
[WhiteElo "2535"]
[BlackElo "2307"]
[WhiteFideId "8603006"]
[BlackFideId "13704788"]
[EventDate "2013.09.18"]

1. d4 Nf6 2. Nf3 e6 3. e3 b6 4. c4 Bb7 5. Bd3 d5 6. b3 Bd6 7. O-O O-O 8. Bb2
Nbd7 9. Ne5 c5 10. Nd2 Rc8 11. cxd5 cxd4 12. Nxd7 Qxd7 13. Bxd4 e5 14. Bb2 Bxd5
15. Nc4 Bb8 16. f4 Qg4 17. Qxg4 Nxg4 18. Nxe5 Nxe3 19. Rf2 f6 20. Nd7 Rfd8 21.
Ba6 Rc6 22. Nxb8 Rxb8 23. Bb5 Rc5 24. a4 Rbc8 25. g3 Nc2 26. Rd1 Bxb3 27. Rfd2
R5c7 28. Kf2 Nb4 29. Rd8+ Kf7 30. Rxc8 Rxc8 31. Rd7+ Kg6 32. Ba3 Nd5 33. Rxa7
Rc2+ 34. Kg1 Rc7 35. Rxc7 Nxc7 36. Bc6 Nd5 37. Bb2 Kf5 38. Kf2 Ke6 39. Bd4 Kd6
40. Bb5 Nc7 41. Bd3 Nd5 42. Bb5 Nc7 43. Bd3 Nd5 44. Bb5 Nc7 45. Bd3 Nd5 1/2-1/2

[Event "FIDE WGP Tashkent"]
[Site "Tashkent UZB"]
[Date "2013.09.26"]
[Round "8.4"]
[White "Koneru, Humpy"]
[Black "Zhao, Xue"]
[Result "1-0"]
[WhiteTitle "GM"]
[BlackTitle "GM"]
[WhiteElo "2607"]
[BlackElo "2579"]
[WhiteFideId "5008123"]
[BlackFideId "8601283"]
[EventDate "2013.09.18"]

1. Nf3 c5 2. g3 Nc6 3. d4 cxd4 4. Nxd4 Nf6 5. Bg2 e6 6. O-O Qb6 7. Nb3 Ne5 8.
Be3 Qc7 9. N1d2 h5 10. h4 Neg4 11. Bf4 e5 12. Bg5 Nh7 13. Nf3 a5 14. Qd3 d6 15.
c4 Be6 16. Rac1 a4 17. Nbd2 f6 18. Be3 Be7 19. Ne4 O-O 20. Bd2 Rfc8 21. Bb4 b5
22. Bxd6 bxc4 23. Qa3 Bxd6 24. Nxd6 Rd8 25. Nxc4 Bxc4 26. Nd2 Rxd2 27. Bxa8 Qf7
28. Qb4 Rd8 29. Rxc4 Rxa8 30. Rfc1 Nf8 31. Rc8 Rxc8 32. Rxc8 f5 33. Qxa4 Kh7 34.
Qe8 Qb7 35. Qxf8 Qe4 36. Qh8+ Kg6 37. Qe8+ 1-0

[Event "FIDE WGP Tashkent"]
[Site "Tashkent UZB"]
[Date "2013.09.26"]
[Round "8.5"]
[White "Lagno, Kateryna"]
[Black "Muminova, Nafisa"]
[Result "1/2-1/2"]
[WhiteTitle "GM"]
[BlackTitle "WGM"]
[WhiteElo "2532"]
[BlackElo "2293"]
[WhiteFideId "14109336"]
[BlackFideId "14201526"]
[EventDate "2013.09.18"]

1. c4 e6 2. Nc3 d5 3. d4 Bb4 4. Qa4+ Nc6 5. Nf3 Nf6 6. Bg5 dxc4 7. e3 Bd7 8. Qc2
b5 9. a3 Ba5 10. Ne5 Ne7 11. e4 Bc6 12. O-O-O Bxc3 13. Bxf6 Bxb2+ 14. Qxb2 gxf6
15. Nxc6 Nxc6 16. d5 Na5 17. Qb4 c6 18. dxe6 Nb3+ 19. Kc2 Qe7 20. exf7+ Kf8 21.
Rd7 c5 22. Rxe7 cxb4 23. Re8+ Kxf7 24. Rxh8 Rxh8 25. axb4 Rd8 26. Kc3 Nd2 27. f3
Nxf1 28. Rxf1 Rd3+ 29. Kb2 Rb3+ 30. Kc2 Rxb4 31. Ra1 Ra4 32. Rxa4 bxa4 33. g4
Kg6 34. h4 h5 35. Kb2 a6 36. Kb1 Kh6 37. Kb2 Kg6 38. Kb1 Kh6 39. Kb2 a5 40. Kb1
Kg6 41. Kb2 Kh6 42. Kb1 Kg6 43. Kb2 Kh6 1/2-1/2

[Event "FIDE WGP Tashkent"]
[Site "Tashkent UZB"]
[Date "2013.09.28"]
[Round "9.1"]
[White "Zhao, Xue"]
[Black "Lagno, Kateryna"]
[Result "1-0"]
[WhiteTitle "GM"]
[BlackTitle "GM"]
[WhiteElo "2579"]
[BlackElo "2532"]
[WhiteFideId "8601283"]
[BlackFideId "14109336"]
[EventDate "2013.09.18"]

1. c4 g6 2. Nc3 c5 3. Nf3 Bg7 4. g3 Nc6 5. Bg2 e6 6. O-O Nge7 7. a3 d5 8. d3 O-O
9. Bg5 h6 10. cxd5 exd5 11. Bxe7 Nxe7 12. Rc1 Bd7 13. b4 cxb4 14. axb4 Qb6 15.
Qb3 a5 16. Nxd5 Nxd5 17. Qxd5 Bc6 18. bxa5 Qxf2+ 19. Kxf2 Bxd5 20. Rc5 Rfd8 21.
Rb1 Bf8 22. Rcb5 Bc6 23. Ne5 Rdc8 24. d4 Bg7 25. Bxc6 bxc6 26. Rc5 Ra6 27. Nf3
Bf8 28. Rb6 Rca8 29. Rcxc6 Rxa5 30. Rb7 Ra2 31. Rcb6 Re8 32. Rb2 Raa8 33. Rc2
Bd6 34. Rd7 Ra6 35. Rb2 Bf8 36. Ne5 Bg7 37. Nf3 Rae6 38. Rc2 Re4 39. Rd2 Bf8 40.
Ne5 Bc5 41. Nxf7 Bxd4+ 42. R2xd4 Rxe2+ 43. Kg1 1-0